000 01057cam a2200217 4500
001 WB4010-03
008 040311n2004 000 0 eng u
035 _a(Sirsi) u125394
245 _aDrop in detached house construction
260 _c2004
490 _aInside Housing
_v21(9) 5 March 2004, 7 (1)
520 _aThe latest figures from the HBF show that the proportion of detached houses built in the southeast of England during 2003 has plummeted to 19% compared with 47% in 1997. Over the same period the proportion of flats increased from 14% to 47%. An HBF spokesman warned that if the trend continued then the construction of detached houses could stop altogether, but other housing professionals welcomed the figures as a sign that better use was being made of land in the region. http://www.hbf.co.uk
590 _aWB
590 _aWB
650 _aSOUTHEAST ENGLAND
650 _aHOUSING DENSITY
650 _aFLATS
650 _aDCLG HOUSING AND CONSTRUCTION STATISTICS
690 _aBUILDING AND CONSTRUCTION-MARKET
942 _n0
999 _c117091
_d117091